Quizzes
Events
Quiz Creation
Community
Videos
Private Events
Remove Ads
Sign In
Join for FREE
Feedback
Dark Mode
Quiz Categories
Sports
Geography
Music
Movies
Television
Just For Fun
Miscellaneous
History
Literature
Language
Science
Gaming
Entertainment
Religion
Holiday
For Kids
Quiz Lab
Recent
Popular Today
Quiz Kudos Today
Editor Picks
Curator Picks
Quizzes by...
Day
Popularity
Type
Ratings
Length
Year
Community
Subscriptions
Recent Discussions
Orange Saloon
Badges
Playlists
Quests
Create
Leaderboards
Showdown
Live 5
Trivia Bingo
Activity
Puzzle Library
Sporcle Events
Private Events
Virtual Trivia
Globe League
Become a Host
Pub Owners
SporcleCon
Opinionation
Our Games
Videos
Blog
Mobile Apps
Partnerships
Remove Ads and Go Orange
Feedback
History
US Presidents
World Leaders
Politics
Nation
Discovery
War
Decade
Year
Century
Biography
Art
History
US Presidents
World Leaders
Politics
Nation
Discovery
War
Decade
Year
Century
Biography
Art
Random Quiz
Search Sporcle
×
Quiz Lab
Quiz Lab
History
Event
Type in answers that appear in a list
Type in answers that appear in a list
Classic
Best Score? Go Orange.
Current Events Stats
Can you name the Current Events?
By
arianakrystal
10m
25 Questions
65 Plays
65 Plays
65 Plays
Comments
Comments
Give Quiz Kudos
Give Quiz Kudos
-
- Ratings
hide this ad
Wrong Answers
Some wrong answers will appear in red
Some wrong answers will appear in red
Replay
Link that replays current quiz
Next Quiz
Link to next quiz in quiz playlist
You Got
0%
They Got
Avg Score
10%
Avg Friend Score
Upgrade to see
Score Distribution
Jump to the score distribution portion of the page
Score
0/25
Timer
10:00
0
Plays Today
Description
Event or Person
% Correct
Which terrorist group threatens America to this day, in hopes to end American military operations in Iraq
???
58.5%
Which state was the 1st to legalize same sex marriage?
???
40%
This 17 year old was shot (and killed) by neighborhood watchman, George Zimmerman
???
38.5%
What team's owner was heard making racist remarks and later banned from the NBA?
???
27.7%
What year was same sex marriage legalized in the United States?
???
21.5%
Which NBA team owner was heard making racial remarks on tape and later banned from the NBA?
???
18.5%
On April 15th, 2013, 3 spectators were killed, and 260 were injured, 16 of them losing body limbs, at the 117th annual Boston Marathon. This became known as the...
???
16.9%
What was the punishment for the two fraternity members leading the racist chants?
???
13.8%
In which state was a McDonalds sued because of racism towards employees and customers?
???
9.2%
What was declared on the city of Baltimore on April 27th during the violent protest?
???
7.7%
What college was the racist fraternity video taken at?
???
3.1%
What was is the last name of brothers responsible of the bombing at the Boston Marathon?
???
3.1%
What was the name of the group of Chicago police officers who tortured and abused citizens in the 1970s and 1980s?
???
1.5%
Description
Event or Person
% Correct
Where in the United States are men and women payed most equally?
???
1.5%
Who was the leader of the group of Chicago police officers who tortured and abused citizens in the 1970s and 1980s?
???
1.5%
Where was a dog shot by a police officer responding to a domestic violence call?
???
0%
What is the name of the fraternity who's racist video surfaced the web of the members chanting racial slurs?
???
0%
Which Arizona cardinals player retired due to racist treatment?
???
0%
This many people were arrested in total during the Baltimore protests...
???
0%
How much money was given to the victims of the Chicago police brutality victims?
???
0%
Who is the franchise owner of the McDonald's that fired 17 back employees because they 'didnt match the profile'?
???
0%
Under which act is cannabis listed as the highest classification?
???
0%
How many times did Dzhokhar hear the word 'guilty' in the courtroom?
???
0%
This American journalist was murdered by terrorist group, ISIS
???
0%
Which state was the first to legalize medical marijuana?
???
0%
Quiz Playlist
Details
Report
Send in Message
Add To Playlist
Classic:
Type in answers that appear in a list
Wrong Answers:
Some wrong answers will appear in red
Last Updated: Feb 16, 2017
Quiz Scoreboard
CHALLENGE
Sign Up to Join the Scoreboard
Show All
Scores
Hide
Comments
May contain spoilers
Recently Published
College Basketball Coaching Resumes
by pancakes188
Sports
9m
Billboard Blitz: Fleetwood Mac
by CooCooCachoo
Music
15s
Presidents Visiting Landmarks
by Hejman
History
7m
More to Explore
Quiz From the Vault
Featured Blog Post
Where Did the Easter Bunny Come From?
hide this ad
You Might Also Like...
Tags
description
Event
Person
Today's Top Quizzes in History
Browse History
hide this ad
Today's Top Quizzes in Event
Browse Event
Top Contributed Quizzes in History
1
Popular People in 1991
2
Popular People in 1981
3
Popular People in 1951
4
Popular People in 1941
5
Popular People in 1986
6
Popular People in 1976
7
Popular People in 1921
8
I Am Born On March 28th
9
5-to-1: 20th Century Images of War
10
Popular People in 1946
Explore More
Trending Topics
Harry Potter
Kpop
Anime
Crossword
Marvel
Disney
NBA
Country
NFL
The Office
Pokémon
Puzzle
Song
Soccer
WWE
hide this ad
More By:
arianakrystal
Quiz
Plays
Rating
Category
Featured
Created
Current Events
65
History
May 10, 2015
Go to Creator's Profile
Score Distribution
Quiz Creator Spotlight
arianakrystal
Follow
Send a Message
Quizzes Created
-
Created Quiz Play Count
-
More By This Creator
Popular Quizzes Today
1
Find the US States - No Outlines Minefield
2
Find the Countries of Europe - No Outlines Minefield
3
The Countries of the World
4
Find the US States
5
Risky Map Clicking: Biggest States A-Z
6
US States
7
Popular People in 1961
8
Movies - When Are They Set?
More History Quizzes
Historical Figures Grid: John F. Kennedy
Editor's Pick
Trending Quizzes
Risky Map Clicking: Least Populous States A-Z
1-10 Letter G Words
1-10 Letter F Words
Risky Map Clicking: Next State Alphabetically
Risky Map Clicking: Biggest States A-Z
Recently Updated
Leaping Animals
pecheneg
Reality TV Shows (A-Z)
bhenderson79
Rickey Henderson's Hall of Fame Teammates
pecheneg
Champions League XIs: Arsenal
pecheneg
Quick Pick: Celebrities in WWE's Hall of Fame
aduchscher
A-Z Keypad Blitz II
pecheneg
Multiple Oscar Actors
pecheneg
Mystery Phrase Blitz: Oscar 'Best Actors'
pecheneg
F. Scott Fitzgerald Novels
LTH
Pick 3 Villains
ddd62291
Trending Topics
Harry Potter
Disney
Kpop
Marvel
NBA
Anime
Crossword
Pokémon
Song
WWE
Soccer
The Office
NFL
Puzzle
Country
Your Account Isn't Verified!
In order to create a playlist on Sporcle, you need to verify the email address you used during registration. Go to your
Sporcle Settings
to finish the process.
Report this User
Report this user for behavior that violates our
Community Guidelines
.
Details:
Send Report
Go to the Sporcle.com Mobile Site →
Comments